Регионална библиотека "Любен Каравелов" - Русе

The book of knowledge (Запис номер 61412)

MARC детайли
000 -Лидер
Контролно поле с фиксирана дължина 00691nam a2200253 c 4500
003 - Код на организацията, давaща контролен номер
Контролно поле BLK
005 - Дата и час на последна редакция
Контролно поле 20181029154838.0
008 - Елементи от данни с фиксирана дължина
fixed length control field 180408b bul|||||r ||||||| ||bul||
010 ## - Наследен системен номер
LC control number KNG00065614000
040 ## - Източник на каталожния запис
Идентификатор на билиотеката - собственик на записа BLK
041 ## - Код за език
Код за езика КДБФ Английски
080 ## - УДК
Текстов определител УДК Общ отдел
УДК код - определител по УДК 0
УДК определител (02)
УДК - код + определител 0(02)
139 ## - Редно поле
Редна дума The book of knowledge
Авторски знак Brou - B 88
245 10 - Сведения за заглавието
Заглавие The book of knowledge
Подзаглавни данни The children's encyclopaedia : Vol. 1 -
Том Vol. 1
260 ## - Област на издателските данни
Име на издателя, разпространителя и проч. Grolier
300 ## - Физическа характеристика
Размери/Мащаб 22 см
380 ## - Жанр
Жанр Общ отдел
760 1# - Описание на основната серия
Страници - том 1 - 384 с., 22 см
Заглавие Vol. 1
852 ## - Местоположение
Форматна сигнатура Цб 61928
856 4# - Електронен адрес и достъп
Електронен формат pdf - файл
856 4# - Електронен адрес и достъп
Електронен формат pdf - файл
999 ## - СИСТЕМНИ КОНТРОЛНИ НОМЕРА
Koha biblionumber 61412
Koha biblioitemnumber 61412
942 ## - АРТИКУЛИ
Вид на библиотечния материал Книги
Скрит в OPAC Не
944 ## - СЪЗДАВАНЕ И РЕДАКЦИЯ на ЗАПИСА
Създаване/Редакция Създаване
Дата на регистрацията/редакция 13.06.2004
Служител, извършил регистрацията/редакцията Кети_Илиева
944 ## - СЪЗДАВАНЕ И РЕДАКЦИЯ на ЗАПИСА
Създаване/Редакция Редакция
Дата на регистрацията/редакция 05.10.2004
999 ## - СИСТЕМНИ КОНТРОЛНИ НОМЕРА
Koha biblioitemnumber 61412
Наличности
Код за отписване Код за изгубен артикул Източник на класификационната схема Код за повреда Коз за рестрикции Код за отдаване Артикулен № Име на библиотеката - собственик Име на библиотеката, в която се намира в момента Статус (Текущо местоположение) Дата на вписване в системата Местоположение - отдел Цена в лева Инвентарен номер Систематично азбучна сигнатура Баркод Номер на екземпляра Цена в евро Служебна бележка Служебен тип на артикула
  Не е изгубен Universal Decimal Classification Не е повреден без рестрикции ползва се в читалня 101733 Регионална библиотека "Любен Каравелов" Русе Регионална библиотека "Любен Каравелов" Русе Основен фонд - ползва се само за читалня 1993-01-01 Хранилище 10.00 110756 Цб 61928 120000110756 1 5.11 Дата инв: 28.03.2017 Бележки инв: СЧ2017 Книги
Vip Innovations Ltd, Rousse, Bulgaria 2025